[Event "Stay Safe Play From Home 379"]
[Site "Emanuel Lasker Arena"]
[Date "2020.08.13"]
[Round "3"]
[White "Haris kollari 13"]
[Black "TheCHESSHOUSE"]
[Result "0-1"]
[WhiteElo "1684"]
[BlackElo "1973"]
[Annotator "NA"]
[PlyCount "50"]
[EventDate "2020.08.13"]
[EventType "swiss (blitz)"]

1. e4 {[%emt 0:00:01]} c5 {[%emt 0:00:01]} 2. f4 {[%emt 0:00:01]} d6 {[%emt 0:00:01]} 3. Nf3 {[%emt 0:00:01]} e6 {[%emt 0:00:01]} 4. d4 {[%emt 0:00:00]} cxd4 {[%emt 0:00:01]} 5. Nxd4 {[%emt 0:00:00]} Nc6 {[%emt 0:00:00]} 6. Nc3 {[%emt 0:00:00]} Nf6 {[%emt 0:00:01]} 7. Be3 {[%emt 0:00:01]} Be7 {[%emt 0:00:00]} 8. Be2 {[%emt 0:00:01]} O-O {[%emt 0:00:00]} 9. Qd2 {[%emt 0:00:00]} Bd7 {[%emt 0:00:00]} 10. h3 {[%emt 0:00:01]} Rc8 {[%emt 0:00:01]} 11. Bf3 {[%emt 0:00:01]} a6 {[%emt 0:00:01]} 12. g4 {[%emt 0:00:01]} Na5 {[%emt 0:00:01]} 13. g5 {[%emt 0:00:02]} Ne8 {[%emt 0:00:01]} 14. h4 {[%emt 0:00:01]} Nc4 {[%emt 0:00:01]} 15. Qc1 {[%emt 0:00:01]} Nxe3 {[%emt 0:00:03]} 16. Qxe3 {[%emt 0:00:01]} g6 {[%emt 0:00:00]} 17. h5 {[%emt 0:00:02]} e5 {[%emt 0:00:00]} 18. Nb3 {[%emt 0:00:03]} exf4 {[%emt 0:00:01]} 19. Qxf4 {[%emt 0:00:02]} Bxg5 {[%emt 0:00:00]} 20. Qh2 {[%emt 0:00:02]} h6 {[%emt 0:00:02]} 21. Nd5 {[%emt 0:00:03]} Nf6 {[%emt 0:00:02]} 22. hxg6 {[%emt 0:00:04]} fxg6 {[%emt 0:00:01]} 23. Nxf6+ {[%emt 0:00:09]} Qxf6 {[%emt 0:00:00]} 24. e5 {[%emt 0:00:07]} Qxf3 {[%emt 0:00:03]} 25. exd6 {[%emt 0:00:02]} Rce8+ {[%emt 0:00:01] Haris kollari 13 resigns Haris kollari 13 resigns Haris kollari 13 resigns (Lag: Av=0.78s, max=1.1s) (Lag: Av=0.78s, max=1.1s) (Lag: Av=0.78s, max=1.1s)} 0-1

[Event "Stay Safe Play From Home 379"]
[Site "Emanuel Lasker Arena"]
[Date "2020.08.13"]
[Round "4"]
[White "NTBT_DHS"]
[Black "IceQueen"]
[Result "0-1"]
[WhiteElo "2559"]
[BlackElo "2322"]
[Annotator "TA"]
[PlyCount "50"]
[EventDate "2020.08.13"]
[EventType "swiss (blitz)"]

{[%evp 11,50,35,43,0,13,-20,-23,-53,-48,-98,-48,-175,-9,-31,-5,-25,-22,-20,-18,-22,-18,-33,-4,0,4,-678,-680,-642,-661,-660,-641,-29972,-29973,-2416,-2232,-7137,-1645,-29990,-29991,-29991,-12258]} 1. d4 Nf6 2. Nf3 g6 3. g3 Bg7 4. Bg2 O-O 5. O-O d6 6. c4 Nbd7 {[%cal Bb8d7,Bd7c5,Bc5e4][%mdl 32]} 7. Re1 {E60: King's Indian: Unusual lines and Fianchetto Variation without Nc3.} e5 {[#]} 8. d5 $146 ({Predecessor:} 8. Nc3 c6 9. e4 a5 10. b3 exd4 11. Nxd4 Nc5 12. f3 Nfd7 13. Be3 Ne5 14. Qc2 a4 15. Rad1 Qa5 16. h3 axb3 17. axb3 Qb4 {1-0 (46) Tari,A (2635)-Pichot,A (2606) chess.com INT 2020}) 8... Nc5 9. b4 {Black has an edge.} Nce4 10. Bb2 a5 11. a3 {[#]} (11. Nfd2 $15 Ng5 12. bxa5) 11... Bf5 $2 ({Black should try} 11... Ng4 $1 $19 {Hoping for ...Bh6.} 12. Nbd2 Ngxf2) 12. Nbd2 Qd7 13. Nh4 Nxd2 14. Qxd2 Bh3 15. Bh1 Rfe8 $36 {[%mdl 2048] Black has some pressure.} 16. e4 Ng4 17. f3 Bh6 18. Qe2 $2 {[%mdl 8192]} (18. Qd3 $11 Nf6 19. Bc3) 18... Be3+ $19 19. Qxe3 Nxe3 20. Rxe3 axb4 21. axb4 Rxa1+ 22. Bxa1 {[#]} Qa4 $1 {[%mdl 64] Double Attack} 23. Bc3 Qd1+ (23... Qc2 $142 24. Ng2 Qc1+ 25. Be1 Bxg2) 24. Be1 Ra8 25. Bg2 {[#]} Qd4 $1 {Accuracy: White = 29%, Black = 57%.} 0-1

[Event "Stay Safe Play From Home 379"]
[Site "Emanuel Lasker Arena"]
[Date "2020.08.13"]
[Round "4"]
[White "Broken sword"]
[Black "Mepe_Nika"]
[Result "1-0"]
[WhiteElo "2465"]
[BlackElo "2387"]
[Annotator "TA"]
[PlyCount "121"]
[EventDate "2020.08.13"]
[EventType "swiss (blitz)"]

{[%evp 18,120,20,12,31,14,43,30,48,-8,18,0,10,-39,0,-9,0,0,2,-26,0,-52,0,0,8,0,0,0,0,0,5,0,9,0,0,-22,0,0,0,0,0,0,0,0,0,0,16,0,504,0,0,0,0,0,0,0,12,13,21,0,0,0,0,0,0,0,0,-93,0,0,0,0,0,0,324,290,29982,0,29984,29985,29985,29986,29986,29987,29987,29988,29988,29988,29989,29988,29987,29988,29986,29987,29987,29988,29994,29995,29995,29996,29996,29995,29998,29999,29999]} 1. e4 c6 2. d4 d5 3. Nc3 dxe4 4. Nxe4 Bf5 5. Ng3 Bg6 6. Nf3 e6 7. h4 h6 8. Ne5 Bh7 9. Bd3 Bxd3 10. Qxd3 Nd7 {B19: Classical Caro-Kann: 4...Bf5 main line.} 11. f4 Nxe5 (11... Ngf6 {is interesting.} 12. Bd2 Be7 13. O-O-O O-O 14. Kb1 a5) 12. fxe5 c5 {[#] White has an edge.} 13. c3 $146 (13. Qb5+ $14 Qd7 14. Qxd7+ Kxd7 15. Be3) ({Predecessor:} 13. Be3 cxd4 14. O-O-O Ne7 15. Bxd4 Nc6 16. Qb5 Qc8 17. Bc3 a6 18. Qa4 b5 19. Qe4 {1-0 (32) Puranik,A (2536)-Pantsulaia,L (2597) chess.com INT 2019}) 13... Ne7 14. Be3 cxd4 15. cxd4 Nd5 16. O-O-O Be7 17. Kb1 O-O 18. Ne4 Rc8 ({Wrong is} 18... Bxh4 $2 19. Bxh6 $1 {[%mdl 512]} f5 20. exf6 $18) (18... Nb4 $5 {[%cal Rb4d3]} 19. Qb3 a5 $15) 19. h5 ({White should try} 19. Bd2 $11) 19... Nxe3 (19... b5 $15) 20. Qxe3 $11 Bg5 21. Qd3 Rc7 {[%cal Bc8c7,Bc7d7,Bd7d5][%mdl 32]} 22. Rhf1 Rd7 23. a3 Rd5 24. Nc3 Rd7 25. Qe4 Qb6 26. Rd3 Rfd8 {[%cal Rd7d4]} 27. Rfd1 Be7 28. Ka2 Bf8 29. d5 exd5 30. Nxd5 Qe6 31. Kb1 Kh8 32. g4 f6 $2 {[%mdl 8192]} (32... Qc6 $11 {and Black is okay.}) 33. Nb4 $2 (33. Nf4 $18 Rxd3 34. Rxd3) 33... Bxb4 34. Rxd7 Rxd7 35. Rxd7 Qxd7 36. axb4 {[%mdl 4096] Endgame KQ-KQ} Qe7 37. e6 Kg8 38. b5 Kf8 39. Qd5 Qc7 40. Qd4 ({Much worse is} 40. Qd7 Qxd7 41. exd7 Ke7 $17) 40... b6 41. Qd5 Ke7 42. Ka1 {[#]} (42. Qe4 $11 {remains equal.}) 42... Qd6 (42... Qc1+ $1 $17 43. Ka2 Qc8) 43. Qb7+ Kxe6 {aiming for ...Qd1+.} 44. Qxa7 Qd1+ 45. Ka2 Qxg4 $2 {[%mdl 8192] White stays focused until the end.} (45... Qd5+ $11 46. Ka1 Qd1+ 47. Ka2 Qd5+ 48. Ka1 Qxb5 49. Qxg7 Qf1+ 50. Ka2 Qc4+ 51. Kb1 Qd3+ 52. Ka2 Qc4+ 53. Kb1 Qe4+ 54. Kc1 Qc4+ 55. Kd2 Qd4+ 56. Kc2 Qe4+ 57. Kd2 Qd5+ 58. Kc2 Qe4+ 59. Kb3 Qe3+ 60. Kc2 Qe4+) 46. Qxb6+ $18 Kf5 $2 (46... Kf7 $18 47. Qc7+ Ke8) 47. Qc6 $2 (47. Qc5+ {mates} Kf4 48. Qd4+ Kf3 49. Qxg4+ Kxg4 50. b6 f5 51. b7 Kg5 52. b8=Q) 47... Qe4 $2 {[%mdl 8192]} (47... Qa4+ $11 48. Kb1 Qd1+ 49. Ka2 Qa4+ 50. Kb1 Qd1+ 51. Qc1 Qd5) 48. Qxe4+ {White mates.} Kxe4 {K3P-K3P} 49. b6 f5 50. b7 f4 51. b8=Q f3 52. Qe8+ Kf4 53. Qf7+ Kg3 54. Qxg7+ {[%mdl 64] Double Attack} Kh2 55. Qxh6 f2 56. Qf4+ Kh3 57. h6 f1=Q 58. Qxf1+ Kg4 59. Qg1+ Kh5 60. h7 {[%cal Rh7h8]} Kh6 61. h8=Q# {Accuracy: White = 78%, Black = 67%.} 1-0

[Event "Stay Safe Play From Home 379"]
[Site "Emanuel Lasker Arena"]
[Date "2020.08.13"]
[Round "4"]
[White "Lamborghini"]
[Black "Klasman"]
[Result "1-0"]
[WhiteElo "2227"]
[BlackElo "1283"]
[Annotator "TA"]
[PlyCount "37"]
[EventDate "2020.08.13"]
[EventType "swiss (blitz)"]

{[%evp 9,36,66,71,71,237,74,66,74,70,70,77,39,32,43,45,-224,-217,-225,-121,-287,-291,-351,-220,-370,371,284,29998,29999,29999]} 1. e4 f5 2. exf5 Nf6 3. Ne2 ({Predecessor:} 3. g3 d5 4. Bg2 Bxf5 5. d4 e6 6. Nf3 c5 7. O-O Nc6 8. c3 Be7 9. Nh4 Bg4 {1-0 (53) Hasan,M (2180)-Golubka,P (2495) chess.com INT 2020}) 3... h5 4. Nbc3 d5 5. Nd4 c5 6. Ne6 {B00: Queen's Fianchetto Defence, Nimzowitsch Defence.} Qd6 $2 {[#]} (6... Bxe6 $16 7. fxe6 Nc6) 7. d4 $2 (7. Nb5 $1 $18 {[%cal Rb5d6] is the precise move to win.} Qe5+ 8. Qe2 Qxe2+ 9. Bxe2 Bxe6 10. Nc7+ (10. fxe6 Kd8 $16) 10... Kd7 11. Nxe6 (11. Nxa8 Bxf5 12. b4 Nc6 $17)) 7... Bxe6 $16 8. fxe6 {White is slightly better.} Qxe6+ 9. Be2 cxd4 10. Qxd4 Nc6 11. Qa4 O-O-O 12. Be3 $2 {[%mdl 8192]} (12. Nb5 $1 $14) 12... d4 $19 {[%mdl 64] Double Attack} 13. Bc4 Qg4 ({Better is} 13... Qf5 $19 14. O-O-O dxe3 15. Rxd8+ Kxd8 16. Rd1+ Kc8 17. fxe3 g6) 14. f3 $2 (14. Qb3 $17 Kb8 15. Be6) 14... Qxg2 15. O-O-O {Strongly threatening Be6+.} dxe3 16. Be6+ (16. Nb5 $142 Rd6 17. Nxd6+ exd6 18. Bb5 Qxf3 19. Rde1) 16... Kc7 $4 {[%mdl 8192]} (16... Kb8 $19 {and life is good for Black.} 17. Nb5 {[#]} Nd5 $1 {[%mdl 512]}) 17. Nb5+ $18 Kb8 $2 (17... Kb6 $18 18. Qb3 Rd2 19. Na3+ Kc7 20. Qxe3 Qe2 21. Qxd2 Qxe6 22. Nb5+ Kb6) 18. Rxd8+ {[%mdl 64] Overworked Piece} Nxd8 19. Qxa7# {What a bad dream for Black. Accuracy: White = 26%, Black = 38%.} 1-0

[Event "Stay Safe Play From Home 379"]
[Site "Emanuel Lasker Arena"]
[Date "2020.08.13"]
[Round "4"]
[White "MihailoVujic"]
[Black "Stefanone"]
[Result "1-0"]
[WhiteElo "2216"]
[BlackElo "1972"]
[Annotator "RC"]
[PlyCount "62"]
[EventDate "2020.08.13"]
[EventType "swiss (blitz)"]

1. e4 {[%emt 0:00:01]} e6 {[%emt 0:00:01]} 2. d4 {[%emt 0:00:01]} d5 {[%emt 0:00:00]} 3. Nc3 {[%emt 0:00:00]} c6 {[%emt 0:00:01]} 4. Nf3 {[%emt 0:00:01]} f5 {[%emt 0:00:01]} 5. exf5 {[%emt 0:00:02]} exf5 {[%emt 0:00:00]} 6. Bf4 {[%emt 0:00:01]} Nf6 {[%emt 0:00:00]} 7. Ne5 {[%emt 0:00:01]} Bd6 {[%emt 0:00:01]} 8. Bd3 {[%emt 0:00:00]} O-O {[%emt 0:00:01]} 9. h3 {[%emt 0:00:00]} Ne4 {[%emt 0:00:01]} 10. g4 {[%emt 0:00:01]} Bxe5 {[%emt 0:00:02]} 11. Bxe5 {[%emt 0:00:01]} Nd7 {[%emt 0:00:01]} 12. gxf5 {[%emt 0:00:01]} Nxe5 {[%emt 0:00:01]} 13. dxe5 {[%emt 0:00:01]} Bxf5 {[%emt 0:00:01]} 14. Bxe4 {[%emt 0:00:01]} Bxe4 {[%emt 0:00:01]} 15. Nxe4 {[%emt 0:00:01]} dxe4 {[%emt 0:00:00]} 16. Qxd8 {[%emt 0:00:01]} Raxd8 {[%emt 0:00:00]} 17. Ke2 {[%emt 0:00:01]} Rd5 {[%emt 0:00:01]} 18. Rad1 {[%emt 0:00:01]} Rxe5 {[%emt 0:00:00]} 19. Rd7 {[%emt 0:00:01]} Rfe8 {[%emt 0:00:00]} 20. Rxb7 {[%emt 0:00:02]} R5e7 {[%emt 0:00:01]} 21. Rxe7 {[%emt 0:00:01]} Rxe7 {[%emt 0:00:00]} 22. Rd1 {[%emt 0:00:01]} Kf7 {[%emt 0:00:01]} 23. Rd6 {[%emt 0:00:01]} Re6 {[%emt 0:00:01]} 24. Rd7+ {[%emt 0:00:01]} Re7 {[%emt 0:00:01]} 25. Rxe7+ {[%emt 0:00:00]} Kxe7 {[%emt 0:00:01]} 26. Ke3 {[%emt 0:00:00]} Ke6 {[%emt 0:00:02]} 27. Kxe4 {[%emt 0:00:00]} g5 {[%emt 0:00:00]} 28. b4 {[%emt 0:00:02]} a6 {[%emt 0:00:01]} 29. c4 {[%emt 0:00:01]} h5 {[%emt 0:00:01]} 30. a4 {[%emt 0:00:01]} h4 {[%emt 0:00:01]} 31. b5 {[%emt 0:00:02]} cxb5 {[%emt 0:00:00] Stefanone abbandona Stefanone abbandona Stefanone abbandona (Lag: Av=0.46s, max=0.8s) (Lag: Av=0.46s, max=0.8s) (Lag: Av=0.46s, max=0.8s)} 1-0

[Event "Stay Safe Play From Home 379"]
[Site "Emanuel Lasker Arena"]
[Date "2020.08.13"]
[Round "4"]
[White "Lazieri3"]
[Black "AChessPlayer"]
[Result "0-1"]
[WhiteElo "2186"]
[BlackElo "2462"]
[Annotator "TA"]
[PlyCount "80"]
[EventDate "2020.08.13"]
[EventType "swiss (blitz)"]

{[%evp 9,79,62,78,58,64,44,66,30,70,37,52,58,65,43,70,69,62,38,89,56,77,-37,62,65,78,39,54,0,0,-41,37,-38,-2,-41,45,-2,45,-127,-119,-258,-135,-250,-106,-91,-77,-174,-183,-492,-235,-508,-77,-67,-16,-16,12,0,272,-1033,-1066,-29978,-29977,-29989,-29985,-29993,-29994,-29994,-29967,-29997,-29998,-29998,-29999,-29999]} 1. e4 d6 2. Nc3 e6 3. d4 g6 4. Be3 Bg7 5. Qd2 Nd7 6. Nf3 {B06: Modern Defence.} b6 7. Bd3 a6 8. a4 {White is slightly better.} h6 {[#]} 9. b3 $146 ({Predecessor:} 9. O-O Bb7 10. h3 Ne7 11. Nh2 Nf6 12. Ng4 Nxg4 13. hxg4 h5 14. g5 c5 15. d5 exd5 16. Nxd5 Bxd5 17. exd5 {½-½ (34) Hou,Y (2686)-Gareyev,T (2604) Honolulu 2015}) 9... Bb7 10. Rd1 Ne7 11. h3 g5 12. O-O Ng6 13. d5 e5 (13... Qf6 $14 14. Bd4 e5) 14. Nh2 Nf6 15. Ng4 (15. Ne2 $16) 15... Bc8 (15... Nxg4 $15 16. hxg4 Nf4) 16. Nxf6+ $14 Bxf6 17. Be2 h5 18. Nb1 (18. a5 $14) 18... Nf4 $11 19. Bxf4 gxf4 (19... exf4 $15 20. f3 Bg7) 20. c4 (20. Qd3 $14) 20... Bg5 {Threatens to win with ...f3!} 21. Qc3 Rg8 (21... a5 $15) 22. Kh1 Bh6 23. Rg1 $2 (23. a5 $14) 23... Qh4 $17 24. Rd2 (24. Rgf1 $17) 24... Bd7 ({Not} 24... Qxf2 25. Qf3 $17) (24... f3 $19 {( -> ...Bxh3)} 25. Qxf3 Bg4) 25. b4 (25. Rc2 $17) 25... Bxa4 ({But not} 25... Qxf2 26. Qf3) (25... a5 $19 {Strongly threatening ...axb4.} 26. bxa5 f3 27. Qxf3 Bxd2 28. Nxd2 Rxa5) 26. c5 Bd7 27. cxb6 (27. Rc2 $17 {was called for.}) 27... cxb6 $19 28. Na3 $2 (28. Rc2 {is more resistant.}) 28... b5 (28... Rc8 $142 29. Qd3 f3 {[%mdl 64] Discovered Attack} 30. Bxf3 Bxd2 31. Qxd2 Bxh3 $1 {[%mdl 512]}) 29. Nc2 $2 (29. Ra2 {is a better defense.} Ke7 30. Qf3) 29... Qxf2 $2 {[#]} (29... Rc8 $19 {is more deadly.} 30. Qd3 f3 {[%mdl 64] Discovered Attack} 31. Bxf3 Bxd2 32. Qxd2 Bxh3 $1 {[%mdl 512]}) 30. Bxb5 $1 $17 {[%mdl 512]} Qxg1+ ({Black should play} 30... Qb6 $15 31. Bxd7+ Kxd7) (30... axb5 31. Rxf2) 31. Kxg1 $11 Bxb5 32. Na3 f3 $2 {[%mdl 8192]} (32... Rg3 $11 {and Black has nothing to worry.} 33. Qc1 f3 34. Nxb5 Bxd2 35. Qc6+ {[%mdl 64] [#] Double Attack} Kf8 $1 {[%mdl 512]} 36. Qxa8+ Kg7 37. Nxd6 Be3+ 38. Kh2 fxg2 39. Ne8+ Kg6 40. Qxa6+ Kh7 41. Nf6+ {[%mdl 64] Double Attack} Kh6 42. Ne8+ (42. Nd7+ Kh7 $11) 42... Kh7 43. Nf6+ {[%mdl 64] Double Attack} Kh6 44. Nd7+ Kh7 45. Nf6+ {[%mdl 64] Double Attack}) 33. Qxf3 $4 {[%mdl 8192]} (33. Nxb5 $18 axb5 34. Rf2) 33... Bxd2 $19 34. Nxb5 axb5 {Black mates.} 35. Qf6 Ra1+ 36. Kh2 Bf4+ 37. Qxf4 Ra2 38. Qf6 Raxg2+ 39. Kh1 Rg1+ 40. Kh2 R8g2# {Accuracy: White = 25%, Black = 33%.} 0-1

[Event "Stay Safe Play From Home 379"]
[Site "Emanuel Lasker Arena"]
[Date "2020.08.13"]
[Round "4"]
[White "TheCHESSHOUSE"]
[Black "Yuriko"]
[Result "1-0"]
[WhiteElo "1979"]
[BlackElo "2041"]
[Annotator "RC"]
[PlyCount "103"]
[EventDate "2020.08.13"]
[EventType "swiss (blitz)"]

1. d4 {[%emt 0:00:01]} d5 {[%emt 0:00:01]} 2. c4 {[%emt 0:00:01]} c6 {[%emt 0:00:00]} 3. cxd5 {[%emt 0:00:02]} cxd5 {[%emt 0:00:01]} 4. Nc3 {[%emt 0:00:00]} Nf6 {[%emt 0:00:00]} 5. Nf3 {[%emt 0:00:00]} a6 {[%emt 0:00:00]} 6. Bf4 {[%emt 0:00:02]} e6 {[%emt 0:00:00]} 7. Rc1 {[%emt 0:00:01]} Nc6 {[%emt 0:00:00]} 8. e3 {[%emt 0:00:01]} Be7 {[%emt 0:00:00]} 9. Be2 {[%emt 0:00:01]} O-O {[%emt 0:00:00]} 10. O-O {[%emt 0:00:00]} b5 {[%emt 0:00:01]} 11. a3 {[%emt 0:00:01]} Bb7 {[%emt 0:00:01]} 12. b4 {[%emt 0:00:01]} Rc8 {[%emt 0:00:01]} 13. Ne1 {[%emt 0:00:01]} Re8 {[%emt 0:00:01]} 14. Nd3 {[%emt 0:00:01]} Bd6 {[%emt 0:00:01]} 15. Bg3 {[%emt 0:00:02]} Qe7 {[%emt 0:00:03]} 16. Nc5 {[%emt 0:00:01]} Bxc5 {[%emt 0:00:01]} 17. dxc5 {[%emt 0:00:01]} Red8 {[%emt 0:00:02]} 18. Qb3 {[%emt 0:00:02]} e5 {[%emt 0:00:06]} 19. Rfd1 {[%emt 0:00:03]} d4 {[%emt 0:00:01]} 20. Nb1 {[%emt 0:00:05]} dxe3 {[%emt 0:00:04]} 21. Qxe3 {[%emt 0:00:00]} h6 {[%emt 0:00:05]} 22. Bf3 {[%emt 0:00:02]} e4 {[%emt 0:00:00]} 23. Be2 {[%emt 0:00:02]} Rxd1+ {[%emt 0:00:00]} 24. Rxd1 {[%emt 0:00:01]} Re8 {[%emt 0:00:00]} 25. Bd6 {[%emt 0:00:02]} Qe6 {[%emt 0:00:01]} 26. Nc3 {[%emt 0:00:01]} Ng4 {[%emt 0:00:04]} 27. Bxg4 {[%emt 0:00:02]} Qxg4 {[%emt 0:00:00]} 28. h3 {[%emt 0:00:01]} Qe6 {[%emt 0:00:01]} 29. Re1 {[%emt 0:00:02]} f5 {[%emt 0:00:01]} 30. Qg3 {[%emt 0:00:02]} Kh7 {[%emt 0:00:01]} 31. Rd1 {[%emt 0:00:01]} Ne7 {[%emt 0:00:05]} 32. Qf4 {[%emt 0:00:03]} Ng6 {[%emt 0:00:01]} 33. Qd2 {[%emt 0:00:01]} Ne5 {[%emt 0:00:02]} 34. Nd5 {[%emt 0:00:04]} Nc4 {[%emt 0:00:02]} 35. Qd4 {[%emt 0:00:02]} Bxd5 {[%emt 0:00:04]} 36. Qxd5 {[%emt 0:00:00]} Qxd5 {[%emt 0:00:00]} 37. Rxd5 {[%emt 0:00:00]} Nxa3 {[%emt 0:00:00]} 38. Bf4 {[%emt 0:00:02]} Nc2 {[%emt 0:00:00]} 39. Bd2 {[%emt 0:00:01]} g6 {[%emt 0:00:02]} 40. Rd7+ {[%emt 0:00:01]} Kg8 {[%emt 0:00:01]} 41. Rd6 {[%emt 0:00:00]} f4 {[%emt 0:00:02]} 42. Rxg6+ {[%emt 0:00:01]} Kf7 {[%emt 0:00:01]} 43. Rxh6 {[%emt 0:00:01]} e3 {[%emt 0:00:00]} 44. fxe3 {[%emt 0:00:00]} fxe3 {[%emt 0:00:00]} 45. Rh7+ {[%emt 0:00:01]} Kg6 {[%emt 0:00:01]} 46. Bxe3 {[%emt 0:00:00]} Nxe3 {[%emt 0:00:01]} 47. Ra7 {[%emt 0:00:01]} Nc2 {[%emt 0:00:00]} 48. Rxa6+ {[%emt 0:00:00]} Kf5 {[%emt 0:00:01]} 49. Rb6 {[%emt 0:00:00]} Nxb4 {[%emt 0:00:00]} 50. Rxb5 {[%emt 0:00:00]} Nd5 {[%emt 0:00:00]} 51. c6 {[%emt 0:00:00]} Ke5 {[%emt 0:00:00]} 52. Rxd5+ {[%emt 0:00:00] Time Time Time (Lag: Av=0.71s, max=1.5s) (Lag: Av=0.71s, max=1.5s) (Lag: Av=0.71s, max=1.5s)} 1-0

[Event "Stay Safe Play From Home 379"]
[Site "Emanuel Lasker Arena"]
[Date "2020.08.13"]
[Round "4"]
[White "Mamba2001de"]
[Black "Sfantul321"]
[Result "0-1"]
[WhiteElo "1454"]
[BlackElo "1968"]
[Annotator "NA"]
[PlyCount "110"]
[EventDate "2020.08.13"]
[EventType "swiss (blitz)"]

1. e4 {[%emt 0:00:02]} e5 {[%emt 0:00:01]} 2. Nf3 {[%emt 0:00:01]} Nf6 {[%emt 0:00:00]} 3. c3 {[%emt 0:00:01]} d6 {[%emt 0:00:01]} 4. d4 {[%emt 0:00:01]} exd4 {[%emt 0:00:01]} 5. cxd4 {[%emt 0:00:01]} Nxe4 {[%emt 0:00:01]} 6. Nc3 {[%emt 0:00:01]} Nxc3 {[%emt 0:00:01]} 7. bxc3 {[%emt 0:00:01]} Bg4 {[%emt 0:00:01]} 8. Be2 {[%emt 0:00:00]} Be7 {[%emt 0:00:01]} 9. O-O {[%emt 0:00:01]} O-O {[%emt 0:00:00]} 10. Re1 {[%emt 0:00:01]} Nc6 {[%emt 0:00:01]} 11. Be3 {[%emt 0:00:00]} Bf6 {[%emt 0:00:01]} 12. h3 {[%emt 0:00:01]} Bh5 {[%emt 0:00:01]} 13. Nd2 {[%emt 0:00:01]} Bxe2 {[%emt 0:00:01]} 14. Rxe2 {[%emt 0:00:01]} Re8 {[%emt 0:00:00]} 15. Nc4 {[%emt 0:00:01]} a6 {[%emt 0:00:02]} 16. Qd2 {[%emt 0:00:01]} Qd7 {[%emt 0:00:02]} 17. Nb2 {[%emt 0:00:02]} Na5 {[%emt 0:00:02]} 18. Nd3 {[%emt 0:00:01]} Nc4 {[%emt 0:00:01]} 19. Qc2 {[%emt 0:00:01]} Nxe3 {[%emt 0:00:01]} 20. Rxe3 {[%emt 0:00:02]} Rxe3 {[%emt 0:00:01]} 21. fxe3 {[%emt 0:00:01]} Re8 {[%emt 0:00:00]} 22. Re1 {[%emt 0:00:01]} Qf5 {[%emt 0:00:01]} 23. Nb4 {[%emt 0:00:02]} Qxc2 {[%emt 0:00:02]} 24. Nxc2 {[%emt 0:00:01]} Bg5 {[%emt 0:00:00]} 25. e4 {[%emt 0:00:01]} f6 {[%emt 0:00:01]} 26. Kf2 {[%emt 0:00:01]} c5 {[%emt 0:00:03]} 27. Kf3 {[%emt 0:00:02]} Bh4 {[%emt 0:00:01]} 28. Re2 {[%emt 0:00:02]} cxd4 {[%emt 0:00:01]} 29. cxd4 {[%emt 0:00:01]} Rc8 {[%emt 0:00:01]} 30. Ne3 {[%emt 0:00:02]} Rc3 {[%emt 0:00:01]} 31. Kf4 {[%emt 0:00:03]} Bg5+ {[%emt 0:00:01]} 32. Kf3 {[%emt 0:00:02]} Rd3 {[%emt 0:00:00]} 33. h4 {[%emt 0:00:02]} Bh6 {[%emt 0:00:02]} 34. g4 {[%emt 0:00:01]} Bxe3 {[%emt 0:00:01]} 35. Rxe3 {[%emt 0:00:01]} Rxd4 {[%emt 0:00:00]} 36. g5 {[%emt 0:00:03]} fxg5 {[%emt 0:00:01]} 37. hxg5 {[%emt 0:00:01]} Kf7 {[%emt 0:00:00]} 38. Rc3 {[%emt 0:00:01]} Kg6 {[%emt 0:00:02]} 39. Rc7 {[%emt 0:00:01]} Rb4 {[%emt 0:00:01]} 40. Rd7 {[%emt 0:00:02]} Kxg5 {[%emt 0:00:01]} 41. Rxd6 {[%emt 0:00:01]} g6 {[%emt 0:00:01]} 42. Rd5+ {[%emt 0:00:01]} Kf6 {[%emt 0:00:01]} 43. Rd6+ {[%emt 0:00:01]} Kg5 {[%emt 0:00:01]} 44. Rd5+ {[%emt 0:00:00]} Kh6 {[%emt 0:00:00]} 45. Rd6 {[%emt 0:00:01]} Rb1 {[%emt 0:00:01]} 46. Rd5 {[%emt 0:00:01]} b5 {[%emt 0:00:01]} 47. Kf4 {[%emt 0:00:01]} Rf1+ {[%emt 0:00:01]} 48. Ke3 {[%emt 0:00:01]} a5 {[%emt 0:00:01]} 49. e5 {[%emt 0:00:01]} b4 {[%emt 0:00:01]} 50. Kd4 {[%emt 0:00:01]} Rd1+ {[%emt 0:00:01]} 51. Kc4 {[%emt 0:00:01]} Rc1+ {[%emt 0:00:01]} 52. Kb3 {[%emt 0:00:01]} Rb1+ {[%emt 0:00:01]} 53. Ka4 {[%emt 0:00:01]} Ra1 {[%emt 0:00:00]} 54. Kxa5 {[%emt 0:00:01]} Rxa2+ {[%emt 0:00:00]} 55. Kxb4 {[%emt 0:00:00]} Re2 {[%emt 0:00:00] Zeit Zeit Zeit (Lag: Av=0.29s, max=0.8s) (Lag: Av=0.29s, max=0.8s) (Lag: Av=0.29s, max=0.8s)} 0-1

[Event "Stay Safe Play From Home 379"]
[Site "Emanuel Lasker Arena"]
[Date "2020.08.13"]
[Round "4"]
[White "Dreamsoldier"]
[Black "Haris kollari 13"]
[Result "0-1"]
[WhiteElo "1247"]
[BlackElo "1678"]
[Annotator "NA"]
[PlyCount "56"]
[EventDate "2020.08.13"]
[EventType "swiss (blitz)"]

1. e4 {[%emt 0:00:03]} e6 {[%emt 0:00:00]} 2. d3 {[%emt 0:00:02]} d5 {[%emt 0:00:01]} 3. exd5 {[%emt 0:00:02]} exd5 {[%emt 0:00:01]} 4. Nc3 {[%emt 0:00:02]} c5 {[%emt 0:00:01]} 5. Nf3 {[%emt 0:00:00]} Nc6 {[%emt 0:00:02]} 6. Bg5 {[%emt 0:00:00]} f6 {[%emt 0:00:02]} 7. Bh4 {[%emt 0:00:01]} h5 {[%emt 0:00:01]} 8. Bg3 {[%emt 0:00:00]} g5 {[%emt 0:00:02]} 9. h3 {[%emt 0:00:04]} Bf5 {[%emt 0:00:02]} 10. Be2 {[%emt 0:00:02]} Qd7 {[%emt 0:00:01]} 11. Qd2 {[%emt 0:00:02]} Bd6 {[%emt 0:00:02]} 12. Bxd6 {[%emt 0:00:01]} Qxd6 {[%emt 0:00:01]} 13. O-O-O {[%emt 0:00:04]} Nge7 {[%emt 0:00:01]} 14. Nb5 {[%emt 0:00:02]} Qd7 {[%emt 0:00:01]} 15. Rhe1 {[%emt 0:00:03]} a6 {[%emt 0:00:01]} 16. Nc3 {[%emt 0:00:06]} O-O-O {[%emt 0:00:02]} 17. Nh2 {[%emt 0:00:01]} Kb8 {[%emt 0:00:03]} 18. Bf3 {[%emt 0:00:01]} b5 {[%emt 0:00:08]} 19. a3 {[%emt 0:00:03]} Kc7 {[%emt 0:00:03]} 20. Rxe7 {[%emt 0:00:06]} Nxe7 {[%emt 0:00:02]} 21. Re1 {[%emt 0:00:01]} Kb6 {[%emt 0:00:01]} 22. Rxe7 {[%emt 0:00:02]} Qxe7 {[%emt 0:00:01]} 23. Bxd5 {[%emt 0:00:01]} Rhe8 {[%emt 0:00:01]} 24. Nf3 {[%emt 0:00:05]} g4 {[%emt 0:00:02]} 25. hxg4 {[%emt 0:00:01]} hxg4 {[%emt 0:00:01]} 26. Nh4 {[%emt 0:00:00]} Bh7 {[%emt 0:00:01]} 27. b3 {[%emt 0:00:02]} f5 {[%emt 0:00:01]} 28. Kb2 {[%emt 0:00:01]} Qxh4 {[%emt 0:00:01] Zaman Zaman Zaman (Lag: Av=0.47s, max=0.6s) (Lag: Av=0.47s, max=0.6s) (Lag: Av=0.47s, max=0.6s)} 0-1